[Event "BI-2016-F-0000"]
[Site "LSS email"]
[Date "2016.02.14"]
[Round "?"]
[White "Jarabinsky, Martin"]
[Black "Topot, Iwan"]
[Result "1-0"]
[WhiteElo "2201"]
[BlackElo "1750"]
[PlyCount "61"]
[EventDate "2016.02.20"]
[EventType "tourn (corr)"]
[EventRounds "10"]
[EventCountry "GER"]
[SourceTitle "Corr 2022"]
[Source "ChessBase"]
[SourceDate "2021.10.24"]
[SourceVersion "1"]
[SourceVersionDate "2021.10.24"]
[SourceQuality "1"]

1. e4 d6 2. d4 Nf6 3. Nc3 g6 4. Nf3 Bg7 5. Be2 0-0 6. 0-0 a6 7. Re1 Nc6 8. h3 b5 9. Bf1 Bb7 10. Bg5 h6 11. Bf4 e6 12. Bh2 Rb8 13. a4 b4 14. Na2 Ne7 15. Nd2 a5 16. Nc1 d5 17. e5 Nd7 18. Ndb3 Ra8 19. Bf4 g5 20. Bd2 c5 21. Nxc5 Nxc5 22. dxc5 Nf5 23. Nb3 Qc7 24. f4 Ng3 25. Be3 Ne4 26. Qh5 f5 27. Bb5 gxf4 28. Bxf4 Kh7 29. Re3 Nxc5 30. Nxc5 Qxc5 31. Rf1 1-0

[Event "BI-2016-F-0000"]
[Site "LSS email"]
[Date "2016.02.14"]
[Round "?"]
[White "Topot, Iwan"]
[Black "Baroin, Bernard"]
[Result "0-1"]
[WhiteElo "1750"]
[BlackElo "2114"]
[PlyCount "122"]
[EventDate "2016.02.20"]
[EventType "tourn (corr)"]
[EventRounds "10"]
[EventCountry "GER"]
[SourceTitle "Corr 2022"]
[Source "ChessBase"]
[SourceDate "2021.10.24"]
[SourceVersion "1"]
[SourceVersionDate "2021.10.24"]
[SourceQuality "1"]

1. e4 e5 2. Nf3 Nc6 3. Bb5 a6 4. Ba4 Nf6 5. 0-0 Be7 6. Re1 b5 7. Bb3 d6 8. c3 0-0 9. h3 Nd7 10. d3 Na5 11. Bc2 c5 12. Nbd2 Nc6 13. Nf1 Nb6 14. Ne3 Be6 15. Bd2 Qd7 16. Qe2 f6 17. b3 d5 18. c4 bxc4 19. bxc4 dxc4 20. dxc4 Nd4 21. Nxd4 cxd4 22. Nd5 Rab8 23. Reb1 Bc5 24. Rb3 Qa7 25. Rab1 Nd7 26. Bd3 Bd6 27. Ba5 Qc5 28. Bb4 Qc6 29. Qc2 Rbc8 30. Be1 Qa4 31. a3 Rcd8 32. Qe2 Kh8 33. Bb4 Nc5 34. Bxc5 Bxc5 35. Bc2 Qa5 36. Qd3 Bd7 37. Nb6 Bc6 38. Nd5 Ra8 39. h4 Qd8 40. Qd2 a5 41. Rg3 a4 42. Qd1 Ra7 43. Qd3 Qd6 44. Qf3 Rb8 45. Qd1 Rxb1 46. Qxb1 Ra8 47. Qd1 Bd7 48. Qc1 Rb8 49. h5 h6 50. Rf3 Kh7 51. Rg3 Qa6 52. Bd1 Bf8 53. Kh2 Kh8 54. Qc2 Qa5 55. Qe2 Rb1 56. Rd3 Qc5 57. f4 Bd6 58. Qc2 Rb8 59. g3 Qa5 60. Qf2 Qa6 61. Qa2 Bc5 0-1

[Event "BI-2016-F-0000"]
[Site "LSS email"]
[Date "2016.02.14"]
[Round "?"]
[White "Topot, Iwan"]
[Black "Granara Barreto, Sebastian"]
[Result "1/2-1/2"]
[WhiteElo "1750"]
[BlackElo "1869"]
[PlyCount "76"]
[EventDate "2016.02.20"]
[EventType "tourn (corr)"]
[EventRounds "10"]
[EventCountry "GER"]
[SourceTitle "Corr 2022"]
[Source "ChessBase"]
[SourceDate "2021.10.24"]
[SourceVersion "1"]
[SourceVersionDate "2021.10.24"]
[SourceQuality "1"]

1. d4 Nf6 2. Nf3 g6 3. Nc3 d5 4. Bf4 Bg7 5. Nb5 Na6 6. c3 0-0 7. h3 c6 8. Na3 Nc7 9. e3 Ne6 10. Bh2 Qa5 11. Nc2 Qb6 12. Rb1 c5 13. Be2 Ne4 14. Nd2 Nxd2 15. Qxd2 Rd8 16. Bd3 Bd7 17. 0-0 Rac8 18. b3 Bf6 19. a4 Ng5 20. f3 a6 21. Rfc1 Ne6 22. Bf1 Kg7 23. Ne1 cxd4 24. cxd4 Rxc1 25. Qxc1 Rc8 26. Qd1 Bg5 27. f4 Bf6 28. Nd3 h6 29. Bg3 Nc7 30. Be1 Bf5 31. g4 Bxd3 32. Bxd3 Ne8 33. Qf3 Qc6 34. f5 Nd6 35. Rb2 Qc1 36. Rb1 Qc6 37. Rb2 Qc1 38. Rb1 Qc6 1/2-1/2

[Event "BI-2016-F-0000"]
[Site "LSS email"]
[Date "2016.02.14"]
[Round "?"]
[White "Topot, Iwan"]
[Black "Knoeppel, Bjoern"]
[Result "0-1"]
[WhiteElo "1750"]
[BlackElo "1923"]
[PlyCount "96"]
[EventDate "2016.02.20"]
[EventType "tourn (corr)"]
[EventRounds "10"]
[EventCountry "GER"]
[SourceTitle "Corr 2022"]
[Source "ChessBase"]
[SourceDate "2021.10.24"]
[SourceVersion "1"]
[SourceVersionDate "2021.10.24"]
[SourceQuality "1"]

1. d4 d6 2. e4 Nf6 3. Nc3 g6 4. Bg5 Bg7 5. f4 0-0 6. Qd2 c6 7. Bd3 b5 8. Nf3 Bg4 9. f5 Nbd7 10. 0-0 Bxf3 11. Rxf3 Qb6 12. Ne2 Ne5 13. Rh3 Nc4 14. Qf4 Nxb2 15. Bxf6 exf6 16. Qxd6 Nxd3 17. Rxd3 Rad8 18. Qf4 Rfe8 19. c3 Rd7 20. Qf3 Rde7 21. Ng3 h5 22. h4 c5 23. Rad1 Kh7 24. d5 Qd6 25. Qf2 Bh6 26. Rb1 c4 27. Rf3 g5 28. Rxb5 gxh4 29. Nf1 Bg5 30. Qd4 Rxe4 31. Qxa7 Kg7 32. Rb7 R8e7 33. Rxe7 Rxe7 34. Qd4 Re1 35. a4 Ra1 36. Qxc4 Rd1 37. Qc6 Qe7 38. Qc4 Qe5 39. a5 Rxd5 40. a6 Rd1 41. Kh1 Ra1 42. Kg1 Qa5 43. Kh1 Qb6 44. Qd3 Rxa6 45. Qd4 Qb8 46. Rf2 Ra1 47. Kg1 Re1 48. Rf3 Qb2 0-1

[Event "CP-2015-P-00049"]
[Site "LSS email"]
[Date "2015.09.28"]
[Round "?"]
[White "Albesa, Alfredo"]
[Black "Topot, Iwan"]
[Result "1-0"]
[WhiteElo "1929"]
[BlackElo "1767"]
[PlyCount "53"]
[EventDate "2015.10.01"]
[EventType "tourn (corr)"]
[EventRounds "6"]
[EventCountry "GER"]
[SourceTitle "Corr 2022"]
[Source "ChessBase"]
[SourceDate "2021.10.24"]
[SourceVersion "1"]
[SourceVersionDate "2021.10.24"]
[SourceQuality "1"]

1. e4 e5 2. Nf3 f5 3. Nxe5 Nc6 4. Qh5+ g6 5. Nxg6 Nf6 6. Qh4 Rg8 7. Nxf8 Rg4 8. Qh3 Rxe4+ 9. Be2 Nd4 10. Nc3 Qe7 11. Nxe4 Qxe4 12. Qd3 Nxc2+ 13. Kd1 Qxd3 14. Bxd3 Nxa1 15. Nxh7 Nxh7 16. Bxf5 Nf8 17. Re1+ Kf7 18. b4 d6 19. Bxc8 Rxc8 20. Bb2 c5 21. Bxa1 cxb4 22. Re4 a5 23. h4 b5 24. h5 Rc4 25. d3 Rxe4 26. dxe4 Ne6 27. e5 1-0

[Event "CP-2015-P-00049"]
[Site "LSS email"]
[Date "2015.09.28"]
[Round "?"]
[White "Pech, Matej"]
[Black "Topot, Iwan"]
[Result "1-0"]
[WhiteElo "1365"]
[BlackElo "1767"]
[PlyCount "43"]
[EventDate "2015.10.01"]
[EventType "tourn (corr)"]
[EventRounds "6"]
[EventCountry "GER"]
[SourceTitle "Corr 2022"]
[Source "ChessBase"]
[SourceDate "2021.10.24"]
[SourceVersion "1"]
[SourceVersionDate "2021.10.24"]
[SourceQuality "1"]

1. e4 e5 2. Nf3 Nf6 3. d4 Nxe4 4. Bd3 d5 5. Nxe5 Nd7 6. Nxd7 Bxd7 7. 0-0 Qh4 8. c4 0-0-0 9. c5 g5 10. Nc3 Nf6 11. g3 Qh3 12. f3 h6 13. Re1 Bg7 14. Be3 Rhe8 15. b4 g4 16. f4 Re7 17. b5 Rde8 18. Qc1 Qh5 19. c6 Bf5 20. cxb7+ Kb8 21. Bf1 Qg6 22. a4 1-0

[Event "BI-2015-P-0000"]
[Site "LSS email"]
[Date "2015.04.16"]
[Round "?"]
[White "Lozano, Margarita"]
[Black "Topot, Iwan"]
[Result "1-0"]
[WhiteElo "1239"]
[BlackElo "1727"]
[PlyCount "43"]
[EventDate "2015.04.22"]
[EventType "tourn (corr)"]
[EventRounds "10"]
[EventCountry "GER"]
[SourceTitle "Corr 2022"]
[Source "ChessBase"]
[SourceDate "2021.10.24"]
[SourceVersion "1"]
[SourceVersionDate "2021.10.24"]
[SourceQuality "1"]

1. e4 d6 2. d4 Nf6 3. Nc3 g6 4. f4 Bg7 5. Nf3 0-0 6. Bd3 Nc6 7. 0-0 e5 8. dxe5 dxe5 9. fxe5 Nxe5 10. Nxe5 Qd4+ 11. Kh1 Qxe5 12. Bf4 Qc5 13. Qe1 Be6 14. Be3 Qa5 15. Nb5 Qxe1 16. Raxe1 Rfc8 17. Nxa7 Rd8 18. Bg5 Rxa7 19. Bxf6 Rd7 20. Bxg7 Kxg7 21. a3 Ra4 22. Bb5 1-0

[Event "BI-2015-P-0000"]
[Site "LSS email"]
[Date "2015.04.16"]
[Round "?"]
[White "Topot, Iwan"]
[Black "Jablonski, Czeslaw"]
[Result "1/2-1/2"]
[WhiteElo "1727"]
[BlackElo "1980"]
[PlyCount "58"]
[EventDate "2015.04.22"]
[EventType "tourn (corr)"]
[EventRounds "10"]
[EventCountry "GER"]
[SourceTitle "Corr 2022"]
[Source "ChessBase"]
[SourceDate "2021.10.24"]
[SourceVersion "1"]
[SourceVersionDate "2021.10.24"]
[SourceQuality "1"]

1. d4 Nf6 2. c4 e6 3. g3 d5 4. Bg2 Be7 5. Nf3 0-0 6. Qc2 c5 7. 0-0 cxd4 8. Nxd4 Nc6 9. Nxc6 bxc6 10. b3 e5 11. Bb2 Qd6 12. e3 Bg4 13. Qc3 e4 14. Qe5 Qd7 15. Nc3 Rfe8 16. Qd4 Rab8 17. cxd5 cxd5 18. Rac1 Qf5 19. Qxa7 Bd6 20. Qd4 Bf3 21. Qd2 Qh5 22. Rc2 Bb4 23. Qd4 Bd6 24. h3 Bxg2 25. Kxg2 Qf3+ 26. Kg1 Qf5 27. Kg2 Qf3+ 28. Kg1 Qf5 29. Kg2 Qf3+ 1/2-1/2

[Event "BI-2015-P-0000"]
[Site "LSS email"]
[Date "2015.04.16"]
[Round "?"]
[White "Topot, Iwan"]
[Black "Woelfelschneider, Peter"]
[Result "1/2-1/2"]
[WhiteElo "1727"]
[BlackElo "2292"]
[PlyCount "108"]
[EventDate "2015.04.22"]
[EventType "tourn (corr)"]
[EventRounds "10"]
[EventCountry "GER"]
[SourceTitle "Corr 2022"]
[Source "ChessBase"]
[SourceDate "2021.10.24"]
[SourceVersion "1"]
[SourceVersionDate "2021.10.24"]
[SourceQuality "1"]

1. d4 Nf6 2. c4 e6 3. Nf3 d5 4. g3 Bb4+ 5. Bd2 Be7 6. Bg2 Nbd7 7. Qc2 0-0 8. c5 c6 9. 0-0 b6 10. cxb6 Qxb6 11. Nc3 Ba6 12. Na4 Qb7 13. Rfe1 Bb5 14. Nc3 c5 15. dxc5 Bxc5 16. Rac1 Rfc8 17. Qb3 Bc6 18. Qxb7 Bxb7 19. Na4 Be7 20. Red1 Ne4 21. Ba5 Bf6 22. Nd2 Nxd2 23. Bxd2 Nb6 24. b3 Nxa4 25. bxa4 Bc6 26. e4 Bxa4 27. Re1 dxe4 28. Bxe4 Rxc1 29. Rxc1 Rd8 30. Be3 a6 31. Bb6 Re8 32. Bd3 Bb5 33. Bxb5 axb5 34. Rb1 Ra8 35. Rxb5 Rxa2 36. Bd4 h6 37. Bxf6 gxf6 38. g4 Rd2 39. Kg2 Kg7 40. h3 Rd1 41. Kg3 Rd3+ 42. Kg2 Rd5 43. Rb8 Kg6 44. Rg8+ Kh7 45. Rb8 Kg7 46. Kg3 f5 47. f3 fxg4 48. hxg4 Rd4 49. Rc8 Rb4 50. Ra8 Rc4 51. Rb8 Rc3 52. Ra8 Rc7 53. Rb8 Rc4 54. Ra8 Rc1 1/2-1/2

[Event "BI-2015-F-0000"]
[Site "LSS email"]
[Date "2015.02.12"]
[Round "?"]
[White "Banshchykau, Valery"]
[Black "Topot, Iwan"]
[Result "0-1"]
[WhiteElo "1764"]
[BlackElo "1709"]
[PlyCount "74"]
[EventDate "2015.02.11"]
[EventType "tourn (corr)"]
[EventRounds "10"]
[EventCountry "GER"]
[SourceTitle "Corr 2022"]
[Source "ChessBase"]
[SourceDate "2021.10.24"]
[SourceVersion "1"]
[SourceVersionDate "2021.10.24"]
[SourceQuality "1"]

1. d4 e6 2. c4 b6 3. Nc3 Bb7 4. a3 f5 5. d5 Nf6 6. g3 Na6 7. Bg2 Nc5 8. Nf3 Bd6 9. Nb5 0-0 10. Nxd6 cxd6 11. 0-0 exd5 12. b4 Nce4 13. Nd4 dxc4 14. f3 Nc3 15. Qc2 Ncd5 16. Nxf5 b5 17. Kh1 a5 18. bxa5 Qxa5 19. e4 Nb4 20. Qd2 Ne8 21. Qg5 Nd3 22. Nh6+ Kh8 23. Qe7 Nc7 24. Nf5 Ne6 25. Qxd7 Bc8 26. Qxd6 Rd8 27. Qe7 Ra7 28. Qh4 b4 29. Ne7 g5 30. Bxg5 Qxg5 31. Qxg5 Nxg5 32. Nc6 Rxa3 33. Nxd8 c3 34. Nc6 Rxa1 35. Rxa1 b3 36. Nd4 b2 37. Rb1 Be6 0-1

[Event "BI-2015-F-0000"]
[Site "LSS email"]
[Date "2015.02.12"]
[Round "?"]
[White "Falco, Osvaldo"]
[Black "Topot, Iwan"]
[Result "0-1"]
[WhiteElo "1483"]
[BlackElo "1709"]
[PlyCount "100"]
[EventDate "2015.02.11"]
[EventType "tourn (corr)"]
[EventRounds "10"]
[EventCountry "GER"]
[SourceTitle "Corr 2022"]
[Source "ChessBase"]
[SourceDate "2021.10.24"]
[SourceVersion "1"]
[SourceVersionDate "2021.10.24"]
[SourceQuality "1"]

1. e4 e5 2. Nf3 Nf6 3. Nxe5 d6 4. Nf3 Nxe4 5. d4 d5 6. Bd3 Be7 7. 0-0 Nc6 8. c4 Nb4 9. Be2 Be6 10. Nc3 0-0 11. Be3 Bf5 12. Rc1 dxc4 13. Bxc4 c6 14. Ne5 Nxc3 15. bxc3 Nd5 16. Qf3 Be6 17. Bd2 Bg5 18. Bxg5 Qxg5 19. Rb1 f6 20. Nd3 b5 21. Bb3 Bg4 22. Qg3 Be2 23. Qxg5 fxg5 24. Nb4 Bxf1 25. Kxf1 Kh8 26. Nxd5 cxd5 27. Bxd5 Rac8 28. Rxb5 Rxc3 29. Bb3 Rd3 30. d5 Rd4 31. h3 h6 32. Rb7 a5 33. Ra7 Rd2 34. f3 Rc8 35. Ke1 Rxg2 36. Kd1 Rc3 37. Rxa5 Rh2 38. Ra6 Rxf3 39. Re6 Rf1+ 40. Re1 Rxe1+ 41. Kxe1 Rxh3 42. Ke2 Kg8 43. d6+ Kf8 44. Be6 Ra3 45. d7 Ke7 46. Kf2 h5 47. Ke2 g6 48. Kf2 h4 49. Kg2 g4 50. Bxg4 Rg3+ 0-1

[Event "BI-2015-F-0000"]
[Site "LSS email"]
[Date "2015.02.12"]
[Round "?"]
[White "Topot, Iwan"]
[Black "Pehl, Ferenc"]
[Result "1-0"]
[WhiteElo "1709"]
[BlackElo "981"]
[PlyCount "39"]
[EventDate "2015.02.11"]
[EventType "tourn (corr)"]
[EventRounds "10"]
[EventCountry "GER"]
[SourceTitle "Corr 2022"]
[Source "ChessBase"]
[SourceDate "2021.10.24"]
[SourceVersion "1"]
[SourceVersionDate "2021.10.24"]
[SourceQuality "1"]

1. e4 e5 2. Nc3 Nc6 3. f4 d6 4. Nf3 a6 5. Bc4 exf4 6. d4 Bg4 7. Bxf4 Be7 8. Qd2 Bf6 9. Ne2 Bxf3 10. gxf3 h6 11. 0-0-0 Qe7 12. Qc3 Rh7 13. Bd5 Nd8 14. e5 dxe5 15. dxe5 Bg5 16. h4 Bxf4+ 17. Nxf4 h5 18. e6 f6 19. Bxb7 Nxb7 20. Qc6+ 1-0

[Event "CP-2014-P-00040"]
[Site "LSS email"]
[Date "2014.09.30"]
[Round "?"]
[White "Celan, Melissa"]
[Black "Topot, Iwan"]
[Result "1/2-1/2"]
[WhiteElo "1872"]
[BlackElo "1747"]
[PlyCount "119"]
[EventDate "2014.10.01"]
[EventType "tourn (corr)"]
[EventRounds "6"]
[EventCountry "GER"]
[SourceTitle "Corr 2022"]
[Source "ChessBase"]
[SourceDate "2021.10.24"]
[SourceVersion "1"]
[SourceVersionDate "2021.10.24"]
[SourceQuality "1"]

1. d4 f5 2. Bg5 g6 3. e3 Nh6 4. Bc4 d5 5. Be2 Nf7 6. Bf4 g5 7. Be5 Nxe5 8. dxe5 g4 9. h3 h5 10. hxg4 fxg4 11. Bd3 Be6 12. Bg6+ Bf7 13. Bxf7+ Kxf7 14. f3 Nc6 15. fxg4 Nxe5 16. gxh5 Bh6 17. Qe2 Nc4 18. Rh3 c6 19. b3 Qb6 20. Qd3 Ke8 21. bxc4 Qb2 22. Qb3 Bg7 23. cxd5 cxd5 24. h6 Bf6 25. Nf3 Qxb3 26. axb3 Bxa1 27. g4 b5 28. Kd2 b4 29. c3 Kf7 30. Rh5 e6 31. cxb4 Rab8 32. Na3 Bf6 33. g5 Kg6 34. Rh2 Bb2 35. Nc2 Rhf8 36. Nce1 Rxb4 37. Nd3 Rxb3 38. Kc2 Rb7 39. Nf4+ Kf5 40. Kd3 Re8 41. Rg2 Rc8 42. Nh4+ Ke5 43. Rg4 Rh7 44. Nfg6+ Kd6 45. Ra4 Rhc7 46. Nf4 Rc3+ 47. Ke2 Ra3 48. Rxa3 Bxa3 49. Nf3 Bb2 50. Nd4 Bxd4 51. exd4 Ke7 52. Ng6+ Kf7 53. Ne5+ Kg8 54. g6 a5 55. Nd7 a4 56. Nf6+ Kf8 57. Nh5 Kg8 58. Nf6+ Kf8 59. Nh5 Kg8 60. Nf6+ 1/2-1/2

[Event "CP-2014-P-00040"]
[Site "LSS email"]
[Date "2014.09.30"]
[Round "?"]
[White "Iacobitz, Lucian Valentin"]
[Black "Topot, Iwan"]
[Result "1-0"]
[WhiteElo "1855"]
[BlackElo "1747"]
[PlyCount "35"]
[EventDate "2014.10.01"]
[EventType "tourn (corr)"]
[EventRounds "6"]
[EventCountry "GER"]
[SourceTitle "Corr 2022"]
[Source "ChessBase"]
[SourceDate "2021.10.24"]
[SourceVersion "1"]
[SourceVersionDate "2021.10.24"]
[SourceQuality "1"]

1. e4 f5 2. exf5 Nf6 3. Be2 Kf7 4. Nf3 d5 5. Ne5+ Kg8 6. Bh5 g6 7. fxg6 hxg6 8. Bxg6 Qd6 9. d4 Nc6 10. f4 Ne4 11. Nc3 Bg7 12. Bxe4 dxe4 13. Be3 Bf5 14. Qe2 Nxe5 15. dxe5 Qd7 16. h3 c5 17. Rd1 Qe8 18. g4 1-0

[Event "RC-2014-0-00154"]
[Site "LSS email"]
[Date "2014.07.23"]
[Round "?"]
[White "Le Duigou, Jean Guy"]
[Black "Topot, Iwan"]
[Result "1-0"]
[WhiteElo "1696"]
[BlackElo "1664"]
[PlyCount "49"]
[EventDate "2014.05.28"]
[EventType "tourn (corr)"]
[EventRounds "6"]
[EventCountry "GER"]
[SourceTitle "Corr 2015"]
[Source "ChessBase"]
[SourceDate "2015.07.17"]
[SourceVersion "1"]
[SourceVersionDate "2015.07.17"]
[SourceQuality "1"]

1. e4 e5 2. Nf3 Nc6 3. Bb5 f5 4. Nc3 Nf6 5. exf5 e4 6. Ng5 d5 7. d3 h6 8. Ne6 Bxe6 9. fxe6 Qd6 10. dxe4 Qxe6 11. 0-0 dxe4 12. Nxe4 Nxe4 13. Re1 Bc5 14. Qf3 0-0-0 15. Rxe4 Qd5 16. Bd3 Bd4 17. Bf4 Rhf8 18. Qe2 Bxb2 19. Rb1 Bd4 20. Bc4 Qa5 21. Bg3 Kb8 22. h3 Qc5 23. c3 Bxc3 24. Rb5 Qa3 25. Bd5 1-0

[Event "RC-2014-0-00154"]
[Site "LSS email"]
[Date "2014.07.23"]
[Round "?"]
[White "Topot, Iwan"]
[Black "Brayman, Neal Zvi"]
[Result "1/2-1/2"]
[WhiteElo "1664"]
[BlackElo "1719"]
[PlyCount "52"]
[EventDate "2014.05.28"]
[EventType "tourn (corr)"]
[EventRounds "6"]
[EventCountry "GER"]
[SourceTitle "Corr 2015"]
[Source "ChessBase"]
[SourceDate "2015.07.17"]
[SourceVersion "1"]
[SourceVersionDate "2015.07.17"]
[SourceQuality "1"]

1. f4 c5 2. c4 Nf6 3. d3 Nc6 4. Nc3 d5 5. cxd5 Nxd5 6. Nf3 Nxc3 7. bxc3 g6 8. e3 Bg7 9. Bd2 0-0 10. d4 Rb8 11. Be2 b5 12. 0-0 b4 13. Rc1 bxc3 14. Rxc3 cxd4 15. Rxc6 d3 16. Bxd3 Qxd3 17. Qc2 Rd8 18. Qxd3 Rxd3 19. Bc1 Kf8 20. Rc7 Rd7 21. Rxd7 Bxd7 22. Ba3 Rb5 23. Rc1 Ra5 24. Bb4 Rxa2 25. Rc7 Ke8 26. Rb7 Kd8 1/2-1/2

[Event "BI-2014-P-0032"]
[Site "LSS email"]
[Date "2014.04.19"]
[Round "?"]
[White "Reede, Arvo"]
[Black "Topot, Iwan"]
[Result "1/2-1/2"]
[WhiteElo "1725"]
[BlackElo "1664"]
[PlyCount "86"]
[EventDate "2014.04.25"]
[EventType "tourn (corr)"]
[EventRounds "10"]
[EventCountry "GER"]
[SourceTitle "Corr 2015"]
[Source "ChessBase"]
[SourceDate "2015.07.17"]
[SourceVersion "1"]
[SourceVersionDate "2015.07.17"]
[SourceQuality "1"]

1. d4 e6 2. c4 b6 3. Nf3 Bb7 4. Nc3 Bb4 5. Bd2 Nf6 6. e3 0-0 7. Bd3 c5 8. 0-0 d6 9. Rc1 Nbd7 10. Ng5 h6 11. Nge4 Qe7 12. Ng3 d5 13. a3 Bxc3 14. Bxc3 Rfd8 15. cxd5 Nxd5 16. Bd2 cxd4 17. exd4 Rac8 18. Rxc8 Rxc8 19. Qa4 a5 20. f3 N7f6 21. Rc1 Rxc1+ 22. Bxc1 Qc7 23. Ne2 Bc6 24. Qc4 Ne7 25. Bd2 Nfd5 26. Nc3 Qd6 27. Nxd5 Bxd5 28. Qb5 Qd8 29. b4 axb4 30. Qxb4 g5 31. Qb2 Kg7 32. Qc2 Qa8 33. h4 f6 34. hxg5 hxg5 35. Qc7 Qxa3 36. Bb5 Kf7 37. Qd7 e5 38. dxe5 Qa1+ 39. Kf2 Qxe5 40. Be3 g4 41. Qxg4 Bxf3 42. Bc4+ Bd5 43. Bd4 Qd6 1/2-1/2

[Event "BI-2014-P-0032"]
[Site "LSS email"]
[Date "2014.04.19"]
[Round "?"]
[White "Topot, Iwan"]
[Black "Nowak, Adam"]
[Result "0-1"]
[WhiteElo "1664"]
[BlackElo "1901"]
[PlyCount "72"]
[EventDate "2014.04.25"]
[EventType "tourn (corr)"]
[EventRounds "10"]
[EventCountry "GER"]
[SourceTitle "Corr 2015"]
[Source "ChessBase"]
[SourceDate "2015.07.17"]
[SourceVersion "1"]
[SourceVersionDate "2015.07.17"]
[SourceQuality "1"]

1. d4 e6 2. c4 Nf6 3. Nf3 b6 4. a3 Bb7 5. Nc3 d5 6. Bg5 Be7 7. e3 0-0 8. Rc1 c5 9. cxd5 cxd4 10. Bxf6 Bxf6 11. Nxd4 exd5 12. h4 Nc6 13. Ba6 Bxa6 14. Nxc6 Qe8 15. Nd4 Qd7 16. Rc2 Bc4 17. h5 Rac8 18. h6 g6 19. Rd2 Rfd8 20. Qf3 Be5 21. g3 Qe7 22. Nce2 Ba6 23. Nc3 Rxc3 24. bxc3 Qxa3 25. Ne2 Qa1+ 26. Rd1 Bxc3+ 27. Nxc3 Qxc3+ 28. Rd2 Re8 29. Rh4 Bc4 30. Qg4 a5 31. Qd4 Qxd4 32. Rhxd4 f5 33. Kd1 Kf7 34. Kc2 Ke6 35. Rd1 b5 36. Ra1 Ra8 0-1

[Event "BI-2014-F-0000"]
[Site "LSS email"]
[Date "2014.02.21"]
[Round "?"]
[White "Topot, Iwan"]
[Black "Laffont, Jose Eduardo Alfred"]
[Result "1/2-1/2"]
[WhiteElo "1798"]
[BlackElo "1610"]
[PlyCount "31"]
[EventDate "2014.02.27"]
[EventType "tourn (corr)"]
[EventRounds "10"]
[EventCountry "GER"]
[SourceTitle "Corr 2022"]
[Source "ChessBase"]
[SourceDate "2021.10.24"]
[SourceVersion "1"]
[SourceVersionDate "2021.10.24"]
[SourceQuality "1"]

1. b4 e5 2. Bb2 f6 3. b5 Bc5 4. e3 d5 5. d4 exd4 6. exd4 Bd6 7. Nf3 a6 8. Nc3 Ne7 9. a4 axb5 10. axb5 Rxa1 11. Qxa1 0-0 12. Bd3 Nd7 13. 0-0 Nb6 14. Re1 Bg4 15. Nd2 Qd7 16. Qa7 1/2-1/2

[Event "CP-2013-P-00014"]
[Site "LSS email"]
[Date "2013.09.30"]
[Round "?"]
[White "Hatsek, Werner"]
[Black "Topot, Iwan"]
[Result "1/2-1/2"]
[WhiteElo "1906"]
[BlackElo "1748"]
[PlyCount "77"]
[EventDate "2013.10.01"]
[EventType "tourn (corr)"]
[EventRounds "6"]
[EventCountry "GER"]
[SourceTitle "Telechess CBM 167"]
[Source "ChessBase"]
[SourceDate "2015.07.13"]
[SourceVersion "1"]
[SourceVersionDate "2015.07.13"]
[SourceQuality "1"]

1. e4 e5 2. Nf3 Nc6 3. Bb5 Nf6 4. 0-0 Nxe4 5. d4 Nd6 6. Bxc6 dxc6 7. dxe5 Nf5 8. Qxd8+ Kxd8 9. Rd1+ Ke8 10. Nc3 Ne7 11. Ne2 Ng6 12. h3 Be7 13. a4 Be6 14. Be3 Bd5 15. Ned4 Rd8 16. Nf5 Rg8 17. Nd2 a5 18. Re1 b6 19. g4 c5 20. Kh2 h6 21. Kg3 Kd7 22. f4 Kc8 23. b3 Rge8 24. Rad1 Bf8 25. Nc4 Ne7 26. Nfd6+ cxd6 27. Nxb6+ Kb7 28. Nxd5 dxe5 29. Nxe7 Rxd1 30. Rxd1 exf4+ 31. Bxf4 Bxe7 32. Rd7+ Kc6 33. Rc7+ Kb6 34. Kf3 g6 35. Rd7 Kc6 36. Ra7 Kb6 37. Rc7 f6 38. Rd7 Kc6 39. Ra7 1/2-1/2

[Event "CP-2013-P-00014"]
[Site "LSS email"]
[Date "2013.09.30"]
[Round "?"]
[White "Topot, Iwan"]
[Black "Murphy, Jones"]
[Result "1-0"]
[WhiteElo "1748"]
[BlackElo "1408"]
[PlyCount "39"]
[EventDate "2013.10.01"]
[EventType "tourn (corr)"]
[EventRounds "6"]
[EventCountry "GER"]
[SourceTitle "Telechess CBM 167"]
[Source "ChessBase"]
[SourceDate "2015.07.13"]
[SourceVersion "1"]
[SourceVersionDate "2015.07.13"]
[SourceQuality "1"]

1. e4 e5 2. f4 d5 3. exd5 e4 4. d4 Nf6 5. c4 c6 6. Nc3 cxd5 7. cxd5 Nxd5 8. Qe2 Nxc3 9. bxc3 Bf5 10. Qb5+ Qd7 11. Rb1 b6 12. Qe5+ Qe6 13. Rb5 a6 14. Rxb6 Qxe5 15. fxe5 Be7 16. Bc4 Bd8 17. Rb7 0-0 18. Ba3 Bc8 19. Rb2 Re8 20. Bd5 1-0

[Event "CP-2013-P-00014"]
[Site "LSS email"]
[Date "2013.09.30"]
[Round "?"]
[White "Topot, Iwan"]
[Black "Rivas Romero, Jesus"]
[Result "1-0"]
[WhiteElo "1748"]
[BlackElo "1390"]
[PlyCount "31"]
[EventDate "2013.10.01"]
[EventType "tourn (corr)"]
[EventRounds "6"]
[EventCountry "GER"]
[SourceTitle "Telechess CBM 167"]
[Source "ChessBase"]
[SourceDate "2015.07.13"]
[SourceVersion "1"]
[SourceVersionDate "2015.07.13"]
[SourceQuality "1"]

1. e4 d6 2. d4 Nf6 3. Nc3 g6 4. f4 Bg7 5. Nf3 c5 6. e5 Nfd7 7. Bc4 cxd4 8. Qxd4 dxe5 9. Bxf7+ Kxf7 10. Ng5+ Ke8 11. Qc4 e6 12. Nxe6 Nb6 13. Nxg7+ Ke7 14. Qe2 Kf7 15. Nh5 gxh5 16. Qxh5+ 1-0

[Event "BI-2013-P-0000"]
[Site "LSS email"]
[Date "2013.04.23"]
[Round "?"]
[White "Mudra, Oldrich"]
[Black "Topot, Iwan"]
[Result "1/2-1/2"]
[WhiteElo "2138"]
[BlackElo "1760"]
[PlyCount "80"]
[EventDate "2013.04.25"]
[EventType "tourn (corr)"]
[EventRounds "10"]
[EventCountry "GER"]
[SourceTitle "Corr 2022"]
[Source "ChessBase"]
[SourceDate "2021.10.24"]
[SourceVersion "1"]
[SourceVersionDate "2021.10.24"]
[SourceQuality "1"]

1. d4 e6 2. c4 b6 3. a3 Bb7 4. Nc3 Nf6 5. Nf3 d5 6. cxd5 Nxd5 7. Qc2 Nxc3 8. bxc3 Nd7 9. e4 c5 10. Bd3 Qc7 11. Qb1 Be7 12. 0-0 0-0 13. Qa2 c4 14. Bc2 b5 15. Rb1 Nf6 16. Re1 a6 17. a4 Rfd8 18. Bg5 h6 19. Bh4 Bc6 20. h3 Nh5 21. Bxe7 Qxe7 22. Ne5 Be8 23. g3 Rab8 24. Kg2 Nf6 25. Rb2 Qc7 26. axb5 axb5 27. Ra1 Nd7 28. Nf3 Nb6 29. Rbb1 Ra8 30. Qb2 Qc6 31. Ne5 Qd6 32. h4 f6 33. Ng4 Rxa1 34. Rxa1 b4 35. cxb4 Qxd4 36. Qxd4 Rxd4 37. Ne3 c3 38. Ra3 Rxb4 39. Rxc3 Kf8 40. f4 Bb5 1/2-1/2